| 000 | 00450nam a2200205Ia 4500 | ||
|---|---|---|---|
| 003 | 0100 | ||
| 008 | 130227s9999 xx 000 0 und d | ||
| 040 | _cARRUPELIB | ||
| 050 | _aB1607.D184 | ||
| 100 | _aDaniel, David Mills | ||
| 245 | _aMill's utilitarianism | ||
| 260 | _aLondon | ||
| 260 | _bSCM Press | ||
| 260 | _C2006 | ||
| 300 | _ax | ||
| 300 | _b 52p. 20cm. | ||
| 650 | _bChild study | ||
| 650 | _cNumber concept | ||
| 942 |
_2lcc _01 |
||
| 999 |
_c5861 _d5861 |
||